Operations Strategy: Competing in the 21st Century. (Record no. 4502)

MARC details
005 - DATE AND TIME OF LATEST TRANSACTION
control field 20250620094510.0
020 ## - INTERNATIONAL STANDARD BOOK NUMBER
International Standard Book Number 978-0-07-250078-3
082 ## - DEWEY DECIMAL CLASSIFICATION NUMBER
Classification number 658.5'03 BEC
100 ## - MAIN ENTRY--PERSONAL NAME
Author name BECKMAN. S. L.
245 ## - TITLE STATEMENT
Title Operations Strategy: Competing in the 21st Century.
260 ## - PUBLICATION, DISTRIBUTION, ETC.
Place of publication, distribution, etc. New York,
Name of publisher, distributor, etc. Mc Graw Hill,
Date of publication, distribution, etc. 2008.
300 ## - PHYSICAL DESCRIPTION
Extent xvii, 462p.; ill, figure, picture $ table
Other physical details Index
Dimensions 24cm
700 ## - ADDED ENTRY--PERSONAL NAME
Other authors/Editors ROSENFIELD. D. B.
942 ## - ADDED ENTRY ELEMENTS (KOHA)
Source of classification or shelving scheme Dewey Decimal Classification
Koha item type Books
Holdings
Date last seen Total checkouts Full call number Barcode Cost, replacement price Price effective from Koha item type Lost status Source of classification or shelving scheme Damaged status Not for loan Withdrawn status Home library Current library Shelving location Date acquired Cost, normal purchase price
06/20/2025   658.5'03 BEC DOM0003711 255000.00 06/20/2025 Books   Dewey Decimal Classification       CBE Dodoma CBE Dodoma Special Reserve Collection 12/20/2010 85000.00